| 000 | 00723nam a2200241 i 4500 | ||
|---|---|---|---|
| 001 | 134514 | ||
| 003 | ES-MaACL | ||
| 005 | 20250730063130.0 | ||
| 007 | t| | ||
| 008 | 070911s1971 sp ||||1| spa d | ||
| 080 | _a796(05)(467.11 B.) Xut | ||
| 100 | 1 |
_aSolà i Dachs, Lluís, _d1932- _9107045 |
|
| 245 | 1 | 0 |
_aXut! (1922-1936) / _cLluis Sola i Dachs. |
| 250 | _a[1ª ed.]. | ||
| 260 |
_aBarcelona : _bBruguera, _c[1971] |
||
| 300 |
_a221 p. ; _c18 cm. |
||
| 490 | 1 |
_aQuaderns de cultura ; _v66 |
|
| 630 | 0 | 4 |
_aXut. _9140181 |
| 650 | 4 |
_aDeportes- _vPublicaciones periódicas. _9140182 |
|
| 830 | 0 |
_aQuaderns de cultura ; _v66 _9181826 |
|
| 852 |
_aES-MaACL _jC-41997 _bR.78603 |
||
| 999 |
_c134514 _d134514 |
||